000 00558nam a2200193 a 4500
001 1771297720753
003 YourLibrary
005 20260217084031.0
008 260217s2003##################000#0#eng##
020 _a9783631503171
082 0 4 _a330.1
_bKOP
100 1 _aKoeper, Carsten,
_eauthor.
245 1 0 _aReal-financial Interaction in Contemporary Models of AS-AD Growth :
260 _bPeter Lang Pub Incorporated,
_c2003.
300 _a162 pages
650 0 _aBusiness & Economics.
942 _cENGLISH
040 _aYourLibrary
_beng
_cYourLibrary
999 _c612897
_d612897